00519nam a2200193 a 4500001001300000003000900013005001700022008004100039020001000080082001300090100001600103245007400119260003700193300000900230500003500239505002200274650001300296700001600309nice12345678IN_TiNIC20260116012055.0050524s1965 lona grp 000 0 eng  ac10000a227bSTI aStibbs, A M aEpistles for the Sundays and Principal Holy Days of the Church`s Year aLondonbHodder & Stoughtonc1965 a156p aincludes index and biblioraphy2 aIndex of Churches aEpistles1 aStibbs, A M